000 00630nam a2200229Ia 4500
003 OSt
005 20220918203429.0
006 a|||||r|||| 00| 0
007 ta
008 220917b |||||||| |||| 00| 0 eng d
024 _a108,243
037 _cTextual
040 _aARTS
_cARTS
_beng
041 _2eng
_aeng
082 _aV32y7M63, K3
100 _aMorgan Kenneth O
245 0 _aDavid Lloyd George
_b Welsh radicle as world statesman Cardiff
260 _aCardiff
_bUniv Of Wales Press
_c1963
650 _aHISTORY
942 _hV32y7M63, K3
_cTEXL
_2CC
999 _c231597
_d231597